000 00569nam a2200205Ia 4500
008 220216s9999 xx 000 0 und d
100 _aPrasanthakumar R.
245 0 _aMorphology and melt rheological behaviour of sisal fibre reinforced butadiene rubber composites
260 _bComposites Science Technology
_c2000
300 _a1737
650 _aButadiene rubber
650 _aComposite
650 _aRheology
650 _aSisal fibre
700 _aNair K.C.M.
700 _aRamamurthy K.
700 _aSchit S.C.
700 _aThomas S.
942 _cBS
999 _c52076
_d52076